Music Quiz

Random Music or Artist Quiz

Songs by Synonym VI Quiz Stats

 Plays Quiz not verified by Sporcle

Challenge
Share
Tweet
Embed
Score 0/35 Timer 07:00
0 Plays Today
Clue Song Title % Correct
A high-speed vehicle passageway unto supposed eternal punishment.Highway to Hell
79.2%
Corrupted relationship.Tainted Love
75%
A human female in possession of teak-coloured irises.Brown Eyed Girl
75%
Oh look, the young human males appear to have returned to this urbanised location.The Boys Are Back in Town
66.7%
Clipped structural flight supports.Broken Wings
62.5%
Pleasant oscillations.Good Vibrations
62.5%
Unfortunately lodged in the centre along with yourself.Stuck in the Middle With You
58.3%
This isn't odd.It's Not Unusual
58.3%
Gyrating in a light-deprived location.Dancing in the Dark
58.3%
To biologically function, and then proceed to allow something else to cease functioning.Live and Let Die
54.2%
My dear, you appear to be rotating me in a concentric fashion.You Spin Me Round
54.2%
Cross the Mediterranean from Europe and you will reach...Africa
54.2%
At a point in time where certain avian creatures excrete occular saline depositsWhen Doves Cry
50%
Solar emissions related to your apparent emotional affection.Sunshine of Your Love
50%
Entirely okay at this moment.All Right Now
50%
Rapping upon the entrance portal to the great beyond.Knocking on Heaven's Door
50%
The audial emissions emanating from an environment where there are none.The Sound of Silence
50%
These humans three supposedly gave gifts to a somewhat familially-advantaged little child.Wise Men
50%
Clue Song Title % Correct
A person has divulged unto me.Somebody Told Me
45.8%
As the days go by, my emotional desire for you decays at an exponential rate.Every Day I Love You Less and Less
41.7%
The player who catches the Golden Snitch.The Seeker
41.7%
Foreign-born-resident incantation.Immigrant Song
33.3%
I wish you a pleasant axial rotation.Have a Nice Day
33.3%
Elevated earth.Higher Ground
33.3%
The organisms one might find in an artificial floral environment within an urban centre.Parklife
33.3%
Arrangement of the fifth kind.Symphony No. 5 in C Minor
33.3%
Hunting dogs possessing emotional affectation.Hounds of Love
33.3%
Wooden-coloured in a saffron kind of way.Golden Brown
33.3%
Moulded in a similar manner to a sleeping-human container.Bedshaped
29.2%
One of the most confusingly conspired television shows ever created.Lost!
29.2%
These are indeed quite bonkersly nuts solar minima.Crazy Crazy Nights
25%
Temporal co-ordinates such as this set.Times Like These
20.8%
360 degree rotation.Revolution
20.8%
If you don't get the 2330 from Queen Street, you'll be in trouble, it's the...Last Train Home
20.8%
The next axial rotation is not in possession of the facts at any time.Tomorrow Never Knows
16.7%

You're not logged in!

Compare scores with friends on all Sporcle quizzes.
OR
Log In

You Might Also Like...

Show Comments

Extras

Top Quizzes Today


Score Distribution

Your Account Isn't Verified!

In order to create a playlist on Sporcle, you need to verify the email address you used during registration. Go to your Sporcle Settings to finish the process.

Report this User

Report this user for behavior that violates our Community Guidelines.

Details: